Footballers by Picture - Turkey - Statistics

General Stats
  • This quiz has been taken 160 times
  • The average score is 11 of 20
Answer Stats
Picture Answer % Correct
Arda Turan
94%
Hakan Çalhanoğlu
87%
Burak Yılmaz
77%
Cenk Tosun
71%
Çağlar Söyüncü
70%
Emre Mor
70%
Hakan Şükür
66%
Cengiz Ünder
64%
Hamit Altıntop
63%
Volkan Demirel
63%
Emre Belözoğlu
59%
Rüştü Reçber
59%
Caner Erkin
57%
Nihat Kahveci
47%
Volkan Babacan
46%
Mehmet Topal
40%
Tuncay Şanlı
40%
Lefter Küçükandonyadis
35%
Bülent Korkmaz
28%
Muzzy Izzet
9%
No matching quizzes found
Score Distribution
Percent of People with Each Score
Percentile by Number Answered
Your Score History
You have not taken this quiz